000 00393 a2200157 4500
005 20260417131437.0
008 250819b |||||||| |||| 00| 0 eng d
020 _a9781609809201
080 _aF
_bBOD/H
100 _aBodrozic, Ivana
245 _aThe Hotel Tito
260 _bSeven stories press
_aNew York
_c2017
300 _a173p.
700 _aEllen Elias-Bursac, Tr.by;
942 _cBK
999 _c114892
_d114891